Normal view
MARC view
- Hasnah Hussin
Entry Personal Name
001 - CONTROL NUMBER
- control field: 461
003 - CONTROL NUMBER IDENTIFIER
- control field: OSt
005 - DATE AND TIME OF LATEST TRANSACTION
- control field: 20170426103816.0
008 - FIXED-LENGTH DATA ELEMENTS
- fixed length control field: 170426|| aca||aabn | a|a d
040 ## - CATALOGING SOURCE
- Original cataloging agency: OSt
- Transcribing agency: OSt
100 ## - HEADING--PERSONAL NAME
- Personal name: Hasnah Hussin
670 ## - SOURCE DATA FOUND
- Source citation: Work cat.: (OSt)0: Hasnah Hussin, Pengajian Malaysia /, 2007

PORTAL AKMAL
E-MEL JKDM
AKMAL2U
G-BAM
u-PUSTAKA